La ciencia de la educación

-д хадгалсан:
Номзүйн дэлгэрэнгүй
Үндсэн зохиолч: Dewey, John (Зохиогч)
Формат: Ном
Хэл сонгох:испани
Хэвлэсэн: Buenos Aires Losada 1944
Цуврал:Biblioteca del maestro, 6
Нөхцлүүд:
Шошгууд: Шошго нэмэх
Шошго байхгүй, Энэхүү баримтыг шошголох эхний хүн болох!

MARC

LEADER 00000nam a2200000 a 4500
001 UCW6470
003 CL-VaPUC
008 920115e19440000AG |||||||||||||||||spa|d
082 0 4 |a 370.1  |b DEW  |2 21 
100 0 |a Dewey, John  |e author  |9 311501 
245 1 3 |a La ciencia de la educación 
300 |a 112 p 
942 |c BK 
945 |d 19920115 00:00:00 
260 |a Buenos Aires  |b Losada  |c 1944 
650 0 |a Filosofía de la educación   |9 258384 
583 |a last modification  |c 19920115 00:00:00  |k Rodrigo Vera 
490 0 |a Biblioteca del maestro, 6 
999 |c 219524  |d 219522 
952 |0 0  |1 0  |4 0  |6 370_100000000000000_DEW_1944  |7 0  |8 P  |9 210539  |a BIBEDU  |b BIBEDU  |c BIBEDU_PB  |d 2019-11-15  |i 2786710  |o 370.1 DEW 1944  |p 2786710  |r 2024-01-25  |w 2019-11-15  |y BK  |k EDU 
952 |0 0  |1 0  |4 0  |6 370_100000000000000_DEW_1944  |7 0  |8 P  |9 210540  |a BIBEDU  |b BIBEDU  |c BIBEDU_PB  |d 2019-11-15  |i 2786729  |o 370.1 DEW 1944  |p 2786729  |r 2024-01-25  |w 2019-11-15  |y BK  |k EDU 
952 |0 0  |1 0  |4 0  |6 370_100000000000000_DEW_1944  |7 0  |8 P  |9 210541  |a BIBEDU  |b BIBEDU  |c BIBEDU_PB  |d 2019-11-15  |i 2786745  |o 370.1 DEW 1944  |p 2786745  |r 2024-01-25  |w 2019-11-15  |y BK  |k EDU